British Surnames per Letter Quiz Stats

 Plays Quiz Updated Nov 22, 2016

Score 0/24 Timer 05:00
2 Plays Today
Letter Name % Correct
SSmith
92%
JJones
72.4%
WWilliams
57.3%
BBrown
56.6%
AAnderson
38.1%
DDavies
37.8%
YYoung
34.7%
RRoberts
32.5%
GGreen
30.4%
TTaylor
28.3%
EEvans
24%
KKing
23.7%
Letter Name % Correct
LLewis
20.1%
QQuinn
17.4%
OOwen
17.2%
MMartin
14.6%
CClarke
12.5%
HHall
10.8%
UUnderwood
10.3%
PPatel
9.2%
FFoster
7%
NNewman
4.8%
VVaughan
4.8%
IIngram
3.1%

You're not logged in!

Compare scores with friends on all Sporcle quizzes.
OR
Log In

Sporcle TV

Today on Sporcle TV


Watch our educational content, quiz creation guides, and fun videos on Sporcle TV.

Show Comments

Extras

Top Quizzes Today


Score Distribution

Your Account Isn't Verified!

In order to create a playlist on Sporcle, you need to verify the email address you used during registration. Go to your Sporcle Settings to finish the process.

Report this User

Report this user for behavior that violates our Community Guidelines.

Details: